Trolejbusy w Gdyni - Statystyki

Ogólne statystyki
  • Ten quiz został rozwiązany 12 razy
  • Średni wynik to 10 z 15
Statystyki odpowiedzi
Hint Odpowiedź % Poprawnych
Linia łącząca Gdynię z Sopotem, kiedyś kursowała przez Skwer Kościuszki 21
100%
Najdłuższa linia trolejbusowa w Gdyni ( oraz w Polsce) 27
100%
Linia trolejbusowa, która w niektórych kończy bieg na pętli Dąbrowa Miętowa 31
80%
Linia 26 kursuje na trasie Orłowo SKM Klif - ..... Cisowa Sibeliusa
80%
Linia pospieszna, której niektóre kursy są wykonywane przez trolejbusy X
80%
Ulica, przy której mieści się zajezdnia trolejbusowa Zakręt do Oksywia
80%
Rok, w którym pierwszy trolejbus wyjechał na ulice Gdyni 1943
70%
Numer zabytkowej linii trolejbusowej 326
60%
Pętla w Śródmieściu, gdzie kończą bieg linie 25 i 28 3 Maja Hala
60%
Potoczna nazwa najnowszego Solarisa Trollino 12 Electric, często eksploatowanego na linii 32 Gepard
50%
Nazwa przegubowego trolejbusu (marka i model) Solaris Trollino 18 M (IV)
50%
Najstarszy, zielony trolejbus kursujący na tej linii o numerze bocznym 128 ( wystarczy podać markę) Saurer
40%
Zabytkowy, czerwony trolejbus produkcji radzieckiej (marka i model) ZIU9
40%
Numer boczny pierwszego na świecie trolejbusu typu Solaris Trollino 12 3001
30%
Marka pierwszego trolejbusu w Gdyni Henschel
30%
Nie znaleziono quizów pasujących do podanych kryteriów
Rozkład punktacji
Procent ludzi z każdym wynikiem
Percentyl według liczby udzielonych odpowiedzi
Twoja historia wyników
Nie rozwiązałeś tego quizu